La crónica del Perú (Registro nro. 21289)

Detalles MARC
000 -CABECERA
Longitud fija campo de control 00663nam a22002171 4500
001 - NÚMERO DE CONTROL
Número de control bimo0001732148
003 - IDENTIFICADOR DELl NÚMERO DE CONTROL
Identificador del número de control OSt
005 - FECHA Y HORA DE LA ÚLTIMA TRANSACCIÓN
Fecha y hora de la última transacción 20150701100914.0
008 - CÓDIGOS DE INFORMACIÓN DE LONGITUD FIJA
Códigos de información de longitud fija 010710s1962 sp spa
040 ## - FUENTE DE LA CATALOGACIÓN
Centro catalogador de origen SpMaBN
Centro transcriptor BMC
082 ## - NÚMERO DE LA CLASIFICACIÓN DECIMAL DEWEY
Númeroo de clasificación 985.02
100 2# - PUNTO DE ACCESO PRINCIPAL-NOMBRE DE PERSONA
9 (RLIN) 521
Nombre de persona Cieza de León, Pedro de
Fechas asociadas al nombre 1518-1584
245 13 - MENCIÓN DE TÍTULO
Título La crónica del Perú
Mención de responsabilidad, etc. Pedro de Cieza de León ; edición de Manuel Ballesteros
250 ## - MENCIÓN DE EDICIÓN
Mención de edición 1ª ed
260 ## - PUBLICACIÓN, DISTRIBUCIÓN, ETC. (PIE DE IMPRENTA)
Lugar de publicación, distribución, etc. Madrid
Nombre del editor, distribuidor, etc. Historia 16
Fecha de publicación, distribución, etc. 1984
300 ## - DESCRIPCIÓN FÍSICA
Extensión 414 p.
Dimensiones 18 cm
490 ## - MENCIÓN DE SERIE
Mención de serie Cronicas de america
Designación de volumen o secuencia 4
651 24 - PUNTO DE ACCESO ADICIONAL DE MATERIA - NOMBRE GEOGRÁFICO
9 (RLIN) 371
Nombre geográfico Perú
Subdivisión de materia general Historia
Subdivisión cronológica 1522-1548 (Descubrimiento y conquista)
700 1# - PUNTO DE ACCESO ADICIONAL - NOMBRE DE PERSONA
9 (RLIN) 22592
Nombre de persona Ballesteros, Manuel
942 ## - ENTRADA DE ELEMENTOS AGREGADOS (KOHA)
Fuente de clasificaión o esquema Dewey Decimal Classification
Koha [por defecto] tipo de item 1- Monografias
Existencias
Suprimido Perdido Fuente de clasificación o esquema Estropeado Restricciones de uso No para préstamo Código de colección Localización permanente Localización actual Localización en estanter&íacute;as Fecha adquisición Fuente de adquisición Número de inventario Préstamos totales Signatura completa Código de barras Fecha última consulta Coste, precio reemplazado Fecha del precio de reemplazo Tipo de item de Koha
NULL NULL Dewey Decimal Classification NULL Prestable NULL NULL Biblioteca Miguel de Cervantes - UNICAES Biblioteca Miguel de Cervantes - UNICAES Sala Principal 13/06/2015 Donación - Romeo Tovar Astorga 029960   985.02 CIE cro 1031869 13/06/2015 18.00 13/06/2015 1- Monografias